000
00252nam a2200097Ia 4500
082
_a
ETF FORD
245
0
_a
Dead men don't talk
100
_a
FORDE, Catherine Edinburgh, 2009
_9
95186
942
_c
BK
008
210817s9999 xx 000 0 und d
999
_c
393745
_d
393744